New York Knicks 2020's Starters - Statistics

General Stats
  • This quiz has been taken 979 times
    573 since last reset
  • The average score is 11 of 18
Answer Stats
Player Starts % Correct
Jalen Brunson 3
100%
Karl-Anthony Towns 2
98%
Josh Hart 3
96%
Mikal Bridges 2
93%
Julius Randle 5
91%
OG Anunoby 2
91%
Mitchell Robinson 2
86%
RJ Barrett 4
75%
Isaiah Hartenstein 1
74%
Donte DiVincenzo 1
68%
Elfrid Payton 2
33%
Quentin Grimes 1
29%
Evan Fournier 1
27%
Nerlens Noel 1
23%
Taj Gibson 1
22%
Reggie Bullock 1
21%
Alec Burks 1
20%
Marcus Morris 1
19%
No matching quizzes found
Score Distribution
Percent of People with Each Score
Percentile by Number Answered
Your Score History
You have not taken this quiz since the last reset